| 000 | 00823nam a2200229 a 4500 | ||
|---|---|---|---|
| 001 | 39600 | ||
| 003 | BD-RjUL | ||
| 005 | 20211209053026.0 | ||
| 008 | 160413s2014 ii a|||| |||| 00| 0 ben d | ||
| 020 |
_a9788129521378 _c: Tk.1650.00 |
||
| 035 | _a(BD-RjUL)39713 | ||
| 040 |
_aBD-RjUL _bben _cBD-RjUL |
||
| 041 | _aben | ||
| 082 |
_223 _a891.442 _bDAC 2014 |
||
| 100 |
_aদাশগুপ্ত, বুদ্ধদেব _9121972 |
||
| 245 | 1 | 0 |
_aচিত্রনাট্য সংগ্রহ / _cবুদ্ধদেব দাশগুপ্ত |
| 260 |
_aকলকাতা : _bদে'জ পাবলিশিং, _c২০১৪. |
||
| 300 |
_a৬২২ পৃ. : _bচিত্র; _c২৩ সেমি. |
||
| 650 |
_aবাংলা নাটক _9121973 |
||
| 650 |
_aBengali Drama _9121974 |
||
| 942 |
_2ddc _cBK |
||
| 999 |
_c39600 _d39600 |
||